000 00699nam a2200229 i 4500
001 113940
003 ES-MaACL
005 20250820042741.0
007 t|
008 061121s1977 sp |||| | spa d
100 1 _aPalma, Luis de la.
_988612
245 1 3 _aLa Pasión del Señor /
_cLuis de la Palma ; [traducción al lenguaje actual por Pedro Antonio Urbina].
250 _a6ª ed.
260 _aMadrid :
_bPalabra,
_c1977.
300 _a265 p. ;
_c18 cm.
490 1 _aCuadernos palabra
600 0 4 _aJesucristo-
_xPasión
_966375
700 1 _aUrbina, Pedro Antonio.
_9112093
830 0 _aCuadernos palabra
_9181500
852 _aES-MaACL
_jA-6860
999 _c113940
_d113940